000 01676cam a2200397 a 4500
001 15143568
003 EG-ScBUE
005 20220919101515.0
008 080116t2008 nyuabe f 001 0 eng d
020 _a9780071494748 (alk. paper)
020 _a007149474X (alk. paper)
035 _a(OCoLC)ocn172979813
035 _a(OCoLC)172979813
040 _aDLC
_beng
_erda
_cDLC
_dBTCTA
_dBAKER
_dYDXCP
_dC#P
_dBWX
_dIXA
_dDLC
_dEG-ScBUE
082 0 4 _222
_a720.47
_bMOS
100 1 _aMoskow, Keith,
_eauthor.
_912862
245 1 0 _aSustainable facilities :
_bgreen design, construction, and operations /
_cKeith Moskow, AIA.
264 1 _aNew York :
_bMcGraw-Hill,
_c[2008]
264 4 _cc2008
300 _axv, 208 pages :
_billustrations (some color), map, plans ;
_c29 cm
336 _2rdacontent
_atext
_btxt
337 _2rdamedia
_aunmediated
_bn
338 _2rdacarrier
_avolume
_bnc
500 _aIncludes index.
650 7 _aSustainable buildings
_xDesign and construction.
_912863
_2BUEsh
650 7 _aSustainable buildings
_vCase studies.
_912864
_2BUEsh
651 _2BUEsh
653 _bENGARC
655 _vReading book
_934232
856 4 2 _3Contributor biographical information
_uhttp://www.loc.gov/catdir/enhancements/fy0814/2008002064-b.html
856 4 2 _3Publisher description
_uhttp://www.loc.gov/catdir/enhancements/fy0814/2008002064-d.html
856 4 1 _3Table of contents only
_uhttp://www.loc.gov/catdir/enhancements/fy0814/2008002064-t.html
906 _a7
_bcbc
_corignew
_d1
_eecip
_f20
_gy-gencatlg
942 _2ddc
_cBB
999 _c13724
_d13724